000 00906cab a2200253 4500
001 WB3506-61
008 090401t1999 xxu||||| |||| 00| 0 eng d
035 _a(Sirsi) u91290
041 _aeng
245 4 _aThe road ahead for London
260 _c1999
350 _a0
490 _aDETR News Release
_v(117) 10 February 1999 (3)
520 _aThe Minister for Transport in London has announced the roads in the Capital which will be the responsibility of the new elected mayor. They include the North and South Circulars and some radial routes such as the A2 Rochester Way.
650 _aELECTED MAYOR
650 _aGREATER LONDON AUTHORITY
650 _aLONDON
650 _aROAD NETWORK
650 _aPROPERTY-INFRASTRUCTURE-TRANSPORT INFRASTRUCTURE-ROAD INFRASTRUCTURE
650 _aTRANSPORT FOR LONDON
690 _aTRANSPORT AND COMMUNICATIONS
942 _n0
948 _c12/02/1999
999 _c57936
_d57936